| 000 | 00456nam a2200157Ia 4500 | ||
|---|---|---|---|
| 008 | 230312s9999||||xx |||||||||||||| ||und|| | ||
| 020 | _a9788120334281 | ||
| 082 |
_a004.36 _bPRA-G |
||
| 100 | _aPrabhu, C.S.R. | ||
| 245 | 0 | _aGrid and Cluster computing | |
| 260 |
_bPrentic hall _aNew Delhi _c2008 |
||
| 300 | _a240 | ||
| 546 | _aEng. | ||
| 650 |
_aEngineering _vTechnologies and architectures for grid computing, Service oriented architecture |
||
| 942 | _cBK | ||
| 999 |
_c3470 _d3470 |
||